01131nam a2200301Ia 450000500170000000800410001702000150005804100080007310000270008124501840010825000200029230000400031249000270035265000300037965000430040965000300045265000470048270000340052970000320056370000380059570000320063326400300066533600270069533700330072233800280075504000350078308400110081820220316235432.0121119s2002 ck a gr 000 f spa  a95863319031 aspa1 aTwain, Markd1835-191013aEl príncipe y el mendigo cMark Twain ; traducción y notas Juan Manuel Ibeas y Fabián Checa ; apéndice Fabián Checa ; ilustración Frank Thayer Merrill, John J. Harley  aSexta edición a352 páginasbilustracionesc20 cm0 aTus libros : aventuras14a Literatura juvenil2LEMB14aNovela estadounidenseySiglo XIX2LEMB14aPríncipesvNovela2LEMB14aProblemas sociales en la literatura 2LEMB1 aIbeas, Juan Manueletraductor1 aCheca, Fabián etraductor1 aMerrill, Frank Thayereilustrador1 aHarley, John J.eilustrador aBogotábRei Andesc2002 atextobtxt2rdacontent asin mediaciónbn2rdamedia avolumenbnc2rdacarrier aCO-BoRNBPbspaerdacCO-BoRNBP aN TWA1